[Event "TCh-TUR 2nd League 2011"]
[Site "Konya TUR"]
[Date "2011.07.08"]
[Round "6"]
[White "Savina, Anastasia"]
[Black "Acarbay, Algi"]
[Result "1-0"]
[WhiteTitle "WGM"]
[WhiteElo "2398"]
[BlackElo "1924"]
[WhiteTeam "Kahramanmaras Belediye"]
[BlackTeam "Moda Istanbul"]
[WhiteFideId "4196872"]
[BlackFideId "6303692"]
[EventDate "2011.07.04"]

1. d4 Nf6 2. c4 e6 3. Nf3 Bb4+ 4. Bd2 a5 5. Nc3 d5 6. cxd5 exd5 7. Bg5 Bf5 8. a3
Bxc3+ 9. bxc3 a4 10. e3 c6 11. Bd3 Be6 12. O-O h6 13. Bxf6 Qxf6 14. Nd2 O-O 15.
e4 Nd7 16. f4 dxe4 17. Nxe4 Qe7 18. f5 Bb3 19. Qd2 Nf6 20. Nc5 Rfd8 21. Rfe1 Qc7
22. Rab1 b6 23. Nxb3 axb3 24. Rxb3 c5 25. Bb5 cxd4 26. cxd4 Rd5 27. a4 Rxf5 28.
Rc3 Qd8 29. Bc6 Rc8 30. Bf3 Rcc5 31. Rd1 Ra5 32. Qc2 Qd7 33. Rc8+ Kh7 34. g4
Qxc8 35. Qxc8 Rxf3 36. d5 Nxd5 37. Qc2+ g6 38. Qg2 Rf4 39. Rxd5 Rxd5 40. Qxd5
Rxg4+ 41. Kf2 Kg7 42. Qe5+ Kh7 43. Qb5 h5 44. Ke3 h4 45. Qd7 Rg2 46. Qxf7+ Kh6
47. Qf8+ Kh7 48. Qe7+ 1-0

[Event "TCh-TUR 2nd League 2011"]
[Site "Konya TUR"]
[Date "2011.07.08"]
[Round "6"]
[White "Polatel, Levent"]
[Black "Metin, Oguz"]
[Result "0-1"]
[WhiteElo "2068"]
[BlackElo "2002"]
[WhiteTeam "Moda Istanbul"]
[BlackTeam "Kahramanmaras Belediye"]
[WhiteFideId "6303749"]
[BlackFideId "6307850"]
[EventDate "2011.07.04"]

1. Nf3 Nf6 2. c4 e6 3. Nc3 Bb4 4. Qc2 O-O 5. a3 Bxc3 6. Qxc3 d6 7. b4 e5 8. e3
e4 9. Nd4 Nbd7 10. Bb2 Re8 11. Be2 Ne5 12. f4 exf3 13. Nxf3 Bg4 14. Nxe5 dxe5
15. Bf3 Bxf3 16. gxf3 Qd7 17. O-O-O Rad8 18. d4 exd4 19. Rxd4 Qf5 20. Rf4 Qd3
21. Qxd3 Rxd3 22. Rg1 Kf8 23. e4 Nh5 24. Rf5 g6 25. Kc2 Re3 26. Kd2 Rb3 27. Rxh5
gxh5 28. Bf6 Rxf3 29. e5 Re6 30. Rg5 Rf2+ 31. Kd3 Rxh2 32. Rg7 Rxf6 33. exf6 Rf2
34. Rxh7 Rxf6 35. Rxh5 Rf3+ 36. Kd4 Rxa3 37. Rh8+ Ke7 38. Rb8 b6 39. Rc8 Kd7 40.
Rf8 Rf3 41. Ra8 f5 42. Rxa7 Rf1 43. Ra8 f4 44. Ke4 f3 45. Rf8 f2 46. Ke3 Rc1 47.
Rxf2 Rxc4 48. Rb2 Kc6 49. b5+ Kc5 50. Kd3 Rb4 51. Rc2+ Kd6 52. Rc6+ Kd7 53. Rh6
Rxb5 54. Kc4 Re5 55. Rg6 Re6 56. Rg7+ Kc6 57. Rg4 b5+ 58. Kb4 Kb6 59. Rh4 c5+
60. Kb3 Re3+ 61. Kb2 b4 62. Kc2 Kb5 63. Kb2 Re2+ 64. Kb1 c4 65. Rh8 Ka4 66. Rh3
c3 67. Rh1 b3 68. Rc1 Ka3 69. Rxc3 Re1+ 0-1

[Event "TCh-TUR 2nd League 2011"]
[Site "Konya TUR"]
[Date "2011.07.08"]
[Round "6"]
[White "Yuksel, Gorkem"]
[Black "Yaran, Siar"]
[Result "0-1"]
[WhiteElo "1860"]
[BlackElo "1746"]
[WhiteTeam "Kahramanmaras Belediye"]
[BlackTeam "Moda Istanbul"]
[WhiteFideId "6303773"]
[BlackFideId "6323006"]
[EventDate "2011.07.04"]

1. e4 e5 2. Nf3 Nc6 3. Bc4 Nf6 4. d4 exd4 5. e5 d5 6. Bb5 Ne4 7. Nxd4 Bd7 8.
Bxc6 bxc6 9. O-O Be7 10. f3 Nc5 11. Be3 Ne6 12. f4 Nxd4 13. Qxd4 Bf5 14. Qc3 O-O
15. Nd2 Qe8 16. Nb3 f6 17. Nd4 Be4 18. Nxc6 Bd8 19. Nxd8 Qg6 20. Qd2 Raxd8 21.
Bxa7 d4 22. Bc5 Rfe8 23. exf6 Rd5 24. b4 gxf6 25. Rf2 d3 26. c3 Rh5 27. Re1 f5
28. Qe3 Qh6 29. g3 Rh3 30. Rd1 Re6 31. Rxd3 Bxd3 32. Qxd3 Qf6 33. Bd4 Re1+ 34.
Rf1 Qe6 35. Rxe1 Qxe1+ 36. Qf1 Qxf1+ 37. Kxf1 Rxh2 38. Bf2 Rh1+ 39. Bg1 Rh6 40.
a4 Ra6 41. a5 Kf7 42. Ke2 Ke6 43. Kd3 Kd5 44. c4+ Kd6 45. Bc5+ Ke6 46. Kc3 Kd7
47. Kb3 Rg6 48. Bf2 Kc8 49. Kc3 Rd6 50. Bd4 Rg6 51. Bf2 Rh6 52. Kd3 Rh2 53. Be1
Rh1 54. Ke2 Rh2+ 55. Kd3 h5 56. b5 Ra2 57. c5 c6 58. b6 Kb7 59. Bd2 Ra1 60. Ke2
Rb1 61. Kf2 Rb5 62. a6+ Kxa6 63. Be3 Rb2+ 64. Kf3 Rc2 65. Bd4 Kb7 66. Ke3 Kc8
67. Kf3 Rc1 68. Ke2 Rb1 69. Be5 Rb3 70. Kf2 Kd7 71. Kg2 Ke6 72. Kh3 Kd5 73. Bd6
Rxb6 74. cxb6 Kxd6 75. Kh4 c5 76. Kxh5 c4 77. Kg5 c3 0-1

[Event "TCh-TUR 2nd League 2011"]
[Site "Konya TUR"]
[Date "2011.07.08"]
[Round "6"]
[White "Dogan, Sevval"]
[Black "Dai, Irmak"]
[Result "1/2-1/2"]
[WhiteElo "1667"]
[BlackElo "1511"]
[WhiteTeam "Moda Istanbul"]
[BlackTeam "Kahramanmaras Belediye"]
[WhiteFideId "6322565"]
[BlackFideId "6336426"]
[EventDate "2011.07.04"]

1. f4 d5 2. e3 Nf6 3. b3 g6 4. Ba3 Bg7 5. d4 O-O 6. Bd3 Nbd7 7. Nd2 b6 8. Ngf3
Bb7 9. Ne5 Nxe5 10. fxe5 Nd7 11. O-O c5 12. c3 Bh6 13. Qe2 Rc8 14. Rac1 f5 15.
Rc2 e6 16. Re1 Rf7 17. Qf2 Qe7 18. Nf3 Rcf8 19. Bb5 Rc8 20. Qf1 Qd8 21. Ba6 Qc7
22. Bxb7 Qxb7 23. Qf2 Qc7 24. Qh4 Kg7 25. Ng5 Bxg5 26. Qxg5 Qd8 27. Qg3 h6 28.
Rf1 Qg5 29. Qf2 Qe7 30. Qe2 Qd8 31. Qb5 Qc7 32. Qe2 Qd8 33. Qf2 Qe7 34. Qg3 Qg5
35. Qh3 Qh5 36. Qxf5 gxf5 37. Rf4 Kg6 38. Bb2 c4 39. Rcf2 Rg7 40. Rh4 Kg5 41.
Rh3 Kg6 42. Rf4 cxb3 43. axb3 b5 44. b4 Nb6 45. Rfh4 Rh7 46. Rxh5 Na4 47. Bc1
Rxc3 48. Bd2 Rb3 49. R5h4 Nb2 50. Rg3+ Kf7 51. Rf3 Nd3 52. Rf1 Nxb4 53. Bxb4
Rxb4 54. Ra1 Kg6 55. Rf4 Rb3 56. Kf2 Rb2+ 57. Kg1 b4 58. Rff1 b3 59. Ra6 Re7 60.
Rc1 Rc2 61. Rxc2 bxc2 62. Rc6 a5 63. Rxc2 Ra7 64. Ra2 a4 65. Kf2 Kg5 66. Ke2 Kg4
67. Ra3 h5 68. Kd3 h4 69. Ke2 Ra6 70. Kf2 f4 71. h3+ Kf5 72. Kf3 fxe3 73. Kxe3
Kg5 74. Kf3 Kf5 75. Ke3 Ra7 76. Kf3 Kg5 1/2-1/2

[Event "TCh-TUR 2nd League 2011"]
[Site "Konya TUR"]
[Date "2011.07.08"]
[Round "6"]
[White "Onischuk, Vladimir"]
[Black "Melkumyan, Hrant"]
[Result "0-1"]
[WhiteTitle "IM"]
[BlackTitle "GM"]
[WhiteElo "2490"]
[BlackElo "2600"]
[WhiteTeam "Ankara Demir"]
[BlackTeam "Sisli Istanbul"]
[WhiteFideId "14114038"]
[BlackFideId "13302485"]
[EventDate "2011.07.04"]

1. e4 e5 2. Nf3 Nc6 3. Bb5 a6 4. Ba4 Nf6 5. O-O Be7 6. Re1 b5 7. Bb3 O-O 8. h3
Bb7 9. d3 d6 10. a4 Na5 11. Ba2 c5 12. Nbd2 Nc6 13. c3 Rb8 14. Nf1 d5 15. exd5
Nxd5 16. Ng3 b4 17. Nf5 Bf6 18. Bd2 Nf4 19. Bxf4 exf4 20. Qd2 Qc7 21. Bd5 bxc3
22. bxc3 Rbd8 23. Be4 g6 24. Nh6+ Kh8 25. Ng4 Bg7 26. Bxc6 Bxc6 27. Nge5 Bxf3
28. Nxf3 Qa5 29. Ra3 Kg8 30. Re4 Rb8 31. Rc4 Qb6 32. Ra1 Rbd8 33. Qc2 Qd6 34. d4
Rc8 35. Rd1 Qd5 36. Qe2 cxd4 37. Rxc8 Rxc8 38. cxd4 Qc4 39. Qxc4 Rxc4 40. Ra1 a5
41. Kf1 Bxd4 42. Ra2 Bf6 43. Ke2 Rc3 44. Nd2 Be7 45. Ne4 Rc1 46. Kd3 f5 47. Nd2
Bb4 48. Nc4 f3 49. g3 Re1 50. Rc2 Kf7 51. Ne3 Ke6 52. h4 Ra1 53. Rc6+ Kd7 54.
Rc4 Ra3+ 55. Kd4 Be1 56. Rc2 Rxa4+ 57. Nc4 Ra1 58. Ne5+ Kd6 59. Nxf3 Bb4 60. Kc4
Rd1 61. Re2 Rc1+ 62. Kb5 Rc5+ 63. Ka4 Rc3 64. Nd4 Kd5 65. Nb3 Rf3 66. Rc2 Be1
67. Rc1 Bxf2 68. Rf1 Ke4 69. Nd2+ Ke3 70. Nxf3 Kxf3 71. h5 Kxg3 72. Kxa5 gxh5
73. Kb4 h4 74. Kc3 Kg2 75. Rb1 h3 0-1

[Event "TCh-TUR 2nd League 2011"]
[Site "Konya TUR"]
[Date "2011.07.08"]
[Round "6"]
[White "Garabetyan, Arno"]
[Black "Allahverdiev, Anar"]
[Result "0-1"]
[BlackTitle "IM"]
[WhiteElo "2066"]
[BlackElo "2421"]
[WhiteTeam "Sisli Istanbul"]
[BlackTeam "Ankara Demir"]
[WhiteFideId "6301487"]
[BlackFideId "13400347"]
[EventDate "2011.07.04"]

1. d4 Nf6 2. c4 e6 3. Nf3 c5 4. d5 d6 5. Nc3 exd5 6. cxd5 g6 7. e4 Bg7 8. Bd3 a6
9. a4 Bg4 10. h3 Bxf3 11. Qxf3 Nbd7 12. Qe2 O-O 13. O-O Re8 14. Bf4 Ne5 15. Bc2
h6 16. Bh2 g5 17. f4 gxf4 18. Rxf4 Ng6 19. Rf2 Qb6 20. Raf1 Qxb2 21. Qd2 Nd7 22.
Nd1 Qd4 23. Bxd6 Qxd2 24. Rxd2 Bd4+ 25. Kh2 Nde5 26. Re2 b5 27. Ne3 Bxe3 28.
Rxe3 Nc4 29. Bxc5 Rac8 30. Rg3 Rxc5 31. Rf6 bxa4 32. Rxa6 Nd2 33. Bd3 Nxe4 34.
Re3 Nd6 35. Rxe8+ Nxe8 36. Bxg6 fxg6 37. Rxg6+ Kf7 38. Ra6 Rc4 39. Ra7+ Kf6 40.
Ra6+ Kf5 41. Rxh6 Nf6 42. Rh8 Nxd5 43. Ra8 Nc3 44. Kg3 Rb4 45. Kf3 Rb3 46. Ke3
Nb5+ 47. Kd2 a3 48. Ra4 Rb2+ 49. Kc1 Rxg2 50. Ra5 Ke6 51. Kb1 Nc3+ 52. Kc1 Rg1+
53. Kc2 a2 0-1

[Event "TCh-TUR 2nd League 2011"]
[Site "Konya TUR"]
[Date "2011.07.08"]
[Round "6"]
[White "Uzunoglu, Efe Kerem"]
[Black "Cakmak, Sarven"]
[Result "1-0"]
[WhiteElo "2064"]
[BlackElo "1976"]
[WhiteTeam "Ankara Demir"]
[BlackTeam "Sisli Istanbul"]
[WhiteFideId "6306276"]
[BlackFideId "6307353"]
[EventDate "2011.07.04"]

1. d4 d5 2. Bf4 c6 3. e3 Qb6 4. Qc1 Bf5 5. Nf3 e6 6. Be2 Nf6 7. h3 Be7 8. O-O
O-O 9. c4 dxc4 10. Nbd2 Bd3 11. Nxc4 Bxc4 12. Qxc4 Nbd7 13. Rab1 a5 14. Bg5 Rfe8
15. Rbc1 Rad8 16. Rfd1 Ne4 17. Bxe7 Rxe7 18. Bd3 Nef6 19. Ne5 Ree8 20. Qc2 Nf8
21. Qd2 Ra8 22. Rc5 a4 23. Nc4 Qc7 24. Rg5 Red8 25. Qe2 Ng6 26. Qf3 Rd5 27. h4
Qd8 28. Qg3 Ne8 29. f4 Ra7 30. h5 Rxg5 31. fxg5 Nf8 32. Ne5 Nd6 33. Rf1 Qe7 34.
g6 f5 35. gxh7+ Nxh7 36. Ng6 Qd7 37. h6 Ne8 38. Rxf5 exf5 39. Bc4+ 1-0

[Event "TCh-TUR 2nd League 2011"]
[Site "Konya TUR"]
[Date "2011.07.08"]
[Round "6"]
[White "Okur, Kadir"]
[Black "Sari, Serdar"]
[Result "0-1"]
[WhiteElo "1943"]
[BlackElo "2032"]
[WhiteTeam "Sisli Istanbul"]
[BlackTeam "Ankara Demir"]
[WhiteFideId "6318215"]
[BlackFideId "6302858"]
[EventDate "2011.07.04"]

1. e4 e6 2. d4 d5 3. exd5 exd5 4. Nc3 Nf6 5. Bg5 Be7 6. Qd2 O-O 7. O-O-O c6 8.
Bd3 b5 9. Nf3 Nbd7 10. Kb1 b4 11. Ne2 Ne4 12. Bxe4 dxe4 13. Bxe7 Qxe7 14. Qe3
Re8 15. Nd2 Nb6 16. Rhe1 Nd5 17. Qg3 Qf6 18. Nb3 h5 19. h4 Bg4 20. Na5 Rad8 21.
Nb7 Rd7 22. Nc5 Rde7 23. Nb3 Rd8 24. Rc1 a5 25. c4 bxc3 26. Nxc3 Nxc3+ 27. Qxc3
a4 28. Qa5 Ree8 29. Qxa4 Qxf2 30. Qxc6 Be6 31. Rf1 Qxg2 32. Rg1 Qe2 33. Rc2 Qd3
34. Qc3 Bxb3 35. axb3 Rxd4 36. Qc6 Re6 37. Qc8+ Rd8 38. Qc5 e3 39. Re1 e2 40.
Qc3 Qg6 41. b4 Rd1+ 0-1

[Event "TCh-TUR 2nd League 2011"]
[Site "Konya TUR"]
[Date "2011.07.08"]
[Round "6"]
[White "Arig, Busra"]
[Black "Mkrtchian, Lilit"]
[Result "0-1"]
[BlackTitle "IM"]
[WhiteElo "1791"]
[BlackElo "2463"]
[WhiteTeam "Ankara Demir"]
[BlackTeam "Sisli Istanbul"]
[WhiteFideId "6309356"]
[BlackFideId "13300601"]
[EventDate "2011.07.04"]

1. d4 Nf6 2. Nf3 e6 3. Bg5 h6 4. Bh4 c5 5. c3 b6 6. e3 Bb7 7. Nbd2 Be7 8. Be2
O-O 9. O-O d6 10. Qc2 Nbd7 11. e4 Rc8 12. Rac1 cxd4 13. Nxd4 d5 14. exd5 Nxd5
15. Bxe7 Qxe7 16. Rfe1 Nf4 17. Bf3 Nc5 18. Re3 Rfd8 19. Bxb7 Qxb7 20. N2f3 Rd5
21. b4 Ncd3 22. Rxd3 Nxd3 23. Qxd3 e5 24. Nxe5 Rxe5 25. h3 Qd5 26. c4 Qe4 27.
Qe3 Qxe3 28. fxe3 Rxe3 29. c5 bxc5 30. bxc5 Re4 31. Nb3 Re2 32. a4 Re3 33. Nd2
Rd3 34. Rc2 Rc6 35. Kf2 Kf8 36. Ke2 Ra3 37. Rc4 Ke7 38. Nf3 Ra2+ 39. Kd3 Ra6 40.
Re4+ Kd8 41. Rd4+ Kc8 42. Ne5 R2xa4 43. Rxa4 Rxa4 44. Nxf7 Kc7 45. Nd6 Kc6 46.
Nf5 Kxc5 47. Nxg7 Ra3+ 48. Ke4 Rg3 49. Nf5 Rxg2 50. Nxh6 Rh2 51. Nf7 Rxh3 52.
Ne5 a5 53. Nd3+ Kc4 0-1

[Event "TCh-TUR 2nd League 2011"]
[Site "Konya TUR"]
[Date "2011.07.08"]
[Round "6"]
[White "Zeydan, Salih"]
[Black "Yaver, Faik Emre"]
[Result "1-0"]
[WhiteElo "1926"]
[BlackElo "1752"]
[WhiteTeam "Sisli Istanbul"]
[BlackTeam "Ankara Demir"]
[WhiteFideId "6361722"]
[BlackFideId "6329969"]
[EventDate "2011.07.04"]

1. e4 d5 2. exd5 Qxd5 3. Nc3 Qa5 4. d4 Nf6 5. Nf3 c6 6. g3 Bf5 7. Bg2 e6 8. Ne5
Qc7 9. O-O Nbd7 10. Nc4 Nd5 11. Ne4 Be7 12. Ne3 Bg6 13. c4 Nxe3 14. Bxe3 Nf6 15.
Nc3 O-O 16. Qe2 Rfd8 17. Rfd1 Rd7 18. Rd2 Rad8 19. Rad1 a6 20. Bf3 e5 21. d5 e4
22. Bg2 Bh5 23. f3 Bd6 24. g4 Bxh2+ 25. Kh1 Bg6 26. fxe4 Bf4 27. Bf3 Re8 28. Qd3
Bxe3 29. Qxe3 Qg3 30. Qe2 Qh4+ 31. Kg1 h5 32. gxh5 Nxh5 33. Qe3 Nf4 34. Rh2 Qg3+
35. Kh1 Nh3 36. Re1 Re5 37. Bg2 Nf2+ 38. Kg1 Qxh2+ 39. Kxh2 Ng4+ 40. Kg3 Nxe3
41. Rxe3 c5 42. Na4 Rc7 43. Kf4 f6 44. Nb6 Bf7 1-0

[Event "TCh-TUR 2nd League 2011"]
[Site "Konya TUR"]
[Date "2011.07.08"]
[Round "6"]
[White "Karabayir, Mustafa Yilmaz"]
[Black "Caglar, Ahmet Ata"]
[Result "1/2-1/2"]
[WhiteElo "1881"]
[BlackElo "1673"]
[WhiteTeam "Ankara Demir"]
[BlackTeam "Sisli Istanbul"]
[WhiteFideId "6300090"]
[BlackFideId "6328636"]
[EventDate "2011.07.04"]

1. e4 c5 2. c3 d5 3. exd5 Qxd5 4. d4 Nc6 5. Nf3 Bg4 6. Be2 e6 7. O-O cxd4 8.
cxd4 Nf6 9. h3 Bh5 10. Nc3 Qd6 11. Be3 Be7 12. Qb3 Qb4 13. Qxb4 Bxb4 14. g4 Bg6
15. Bb5 O-O 16. Bxc6 bxc6 17. Ne5 Rac8 18. a3 Bxc3 19. bxc3 Nd5 20. Rfc1 Nxe3
21. fxe3 Rfd8 22. Nxg6 hxg6 23. Rab1 Rb8 24. Kf2 Kf8 25. Ke2 Ke7 26. Kd3 Rh8 27.
a4 a5 28. c4 Kd6 29. Rf1 f6 30. Rxb8 Rxb8 31. Kc3 g5 32. e4 Rb4 33. Ra1 g6 34.
c5+ Ke7 35. Ra3 f5 36. e5 f4 37. Kd3 Kd7 38. Ke4 Ke7 39. Kd3 Kf7 40. Ke4 Ke7 41.
Kd3 Kd7 42. Ke4 Ke7 1/2-1/2

[Event "TCh-TUR 2nd League 2011"]
[Site "Konya TUR"]
[Date "2011.07.08"]
[Round "6"]
[White "Lenic, Luka"]
[Black "Sobay, Kahraman"]
[Result "1-0"]
[WhiteTitle "GM"]
[WhiteElo "2634"]
[BlackElo "2107"]
[WhiteTeam "Beyaz Kale Hatay"]
[BlackTeam "Cenesuyu Plajyolu Kocaeli"]
[WhiteFideId "14603853"]
[BlackFideId "6343120"]
[EventDate "2011.07.04"]

1. d4 Nf6 2. c4 c5 3. Nf3 cxd4 4. Nxd4 Nc6 5. Nc3 d6 6. e4 g6 7. Be2 Bg7 8. Be3
O-O 9. O-O Nxd4 10. Bxd4 Bd7 11. Rc1 Bc6 12. f3 a5 13. b3 Nd7 14. Be3 Nc5 15.
Qd2 Qb6 16. Nb5 Rfc8 17. Kh1 Qd8 18. Rfd1 h5 19. Bf1 Kh7 20. Nd4 Qf8 21. Ne2 Ne6
22. Nc3 Nc5 23. Bd3 Bh6 24. Bb1 Bxe3 25. Qxe3 Qh6 26. f4 Re8 27. Qf2 Nd7 28. Rf1
Rf8 29. Rce1 Kg8 30. h3 Qg7 31. Qe3 Qh6 32. Qg3 Rad8 33. Qh4 e6 34. Rd1 Qg7 35.
Rf3 Nc5 36. Rg3 Rd7 37. f5 e5 38. Nd5 Bxd5 39. exd5 e4 40. Bxe4 Nxe4 41. Qxe4
Kh7 42. Rf1 Rdd8 43. Qe7 Kh6 44. f6 Qg8 45. Qxb7 Rfe8 46. Qb6 Re2 47. Re3 Re8
48. Rxe2 Rxe2 49. Qxd6 Qe8 50. Qg3 Re3 51. Rf3 1-0

[Event "TCh-TUR 2nd League 2011"]
[Site "Konya TUR"]
[Date "2011.07.08"]
[Round "6"]
[White "Tasan, Mehmet Askin"]
[Black "Paehtz, Elisabeth"]
[Result "0-1"]
[BlackTitle "IM"]
[WhiteElo "2015"]
[BlackElo "2463"]
[WhiteTeam "Cenesuyu Plajyolu Kocaeli"]
[BlackTeam "Beyaz Kale Hatay"]
[WhiteFideId "6300952"]
[BlackFideId "4641833"]
[EventDate "2011.07.04"]

1. d4 e6 2. Nf3 c5 3. c4 cxd4 4. Nxd4 Bb4+ 5. Bd2 Bc5 6. Bc3 Nf6 7. Nd2 O-O 8.
e3 d5 9. b4 Be7 10. Be2 Nbd7 11. c5 Qc7 12. Rc1 Re8 13. O-O e5 14. N4b3 a6 15.
Bb2 Nf8 16. Nf3 Ng6 17. a4 Bf8 18. Qc2 Bg4 19. b5 axb5 20. axb5 Rac8 21. h3 Be6
22. b6 Qb8 23. Bb5 Bd7 24. Qe2 Red8 25. Bxd7 Nxd7 26. Qb5 e4 27. Nfd4 Nge5 28.
Ba3 Nc4 29. Bb4 Nde5 30. Rfd1 Nd3 31. Rxc4 dxc4 32. Qxc4 Nb2 33. Qc2 Nxd1 34.
Qxd1 Qe5 35. Qc2 Qd5 36. Qe2 g6 37. Qb5 h5 38. g3 h4 39. g4 Re8 40. Qa5 Qc4 41.
Qb5 Qd5 42. Kg2 Re5 43. Qa5 f5 44. Qb5 fxg4 45. hxg4 Qf7 46. Kg1 Rg5 47. Qe2 Ra8
48. Kg2 Ra4 49. Be1 Bxc5 50. f4 exf3+ 51. Qxf3 Qxf3+ 52. Kxf3 h3 53. Bg3 Bxb6
54. Bf4 Rd5 0-1

[Event "TCh-TUR 2nd League 2011"]
[Site "Konya TUR"]
[Date "2011.07.08"]
[Round "6"]
[White "Tuncer, Ufuk"]
[Black "Baycan, Alper"]
[Result "1-0"]
[WhiteTitle "FM"]
[WhiteElo "2303"]
[BlackElo "1821"]
[WhiteTeam "Beyaz Kale Hatay"]
[BlackTeam "Cenesuyu Plajyolu Kocaeli"]
[WhiteFideId "6300847"]
[BlackFideId "6330622"]
[EventDate "2011.07.04"]

1. d4 d5 2. Nf3 Nc6 3. c4 e5 4. dxe5 d4 5. a3 Nge7 6. Nbd2 Ng6 7. Nb3 Ngxe5 8.
Nxe5 Nxe5 9. Qxd4 Qxd4 10. Nxd4 Nxc4 11. Nb5 Bd6 12. e4 Be6 13. Nd4 Nb6 14. Nxe6
fxe6 15. Be3 Be5 16. O-O-O Rd8 17. Be2 Kf7 18. f4 Bf6 19. Kc2 Rxd1 20. Rxd1 Rd8
21. Rxd8 Bxd8 22. b4 g6 23. Kb3 Bf6 24. a4 Ke8 25. a5 Nc8 26. e5 Be7 27. Bf3 b6
28. Bc6+ Kd8 29. Kc4 Bf8 30. Bf2 Ne7 31. Bh4 Kc8 32. Be4 Kd7 33. axb6 axb6 34.
b5 Bh6 35. g3 Nf5 36. Bc6+ Kc8 37. Bf6 Ne3+ 38. Kd3 Nf1 39. Bf3 Nxh2 40. Be2 Bf8
41. g4 Bc5 42. Bh4 Kd7 43. Ke4 h5 44. gxh5 gxh5 45. Bxh5 c6 46. Be2 cxb5 47.
Bxb5+ Kc7 48. Be2 Kc6 49. f5 exf5+ 50. Kxf5 b5 51. e6 b4 52. e7 Bxe7 53. Bxe7 b3
54. Bf6 Kc5 55. Kf4 Kb4 56. Bb2 1-0

[Event "TCh-TUR 2nd League 2011"]
[Site "Konya TUR"]
[Date "2011.07.08"]
[Round "6"]
[White "Ertekin, Oguzhan"]
[Black "Oner, Oguz"]
[Result "0-1"]
[WhiteElo "1630"]
[BlackElo "1741"]
[WhiteTeam "Cenesuyu Plajyolu Kocaeli"]
[BlackTeam "Beyaz Kale Hatay"]
[WhiteFideId "6337481"]
[BlackFideId "6329330"]
[EventDate "2011.07.04"]

1. d4 d5 2. Nf3 Nf6 3. c4 e6 4. Nc3 Nbd7 5. Bg5 Be7 6. e3 c6 7. c5 O-O 8. Bd3
Re8 9. h3 Nf8 10. Bf4 Ng6 11. Bh2 Nd7 12. Qc2 Bf6 13. O-O e5 14. Bxg6 hxg6 15.
b4 e4 16. Nd2 Bg5 17. a4 Nf8 18. b5 f5 19. Nd1 Ne6 20. f3 f4 21. exf4 Nxd4 22.
Qb1 Ne2+ 23. Kh1 Bxf4 24. Bxf4 Nxf4 25. fxe4 Nxg2 26. exd5 Qxd5 27. Qa2 Qxa2 28.
Rxa2 Be6 29. Rb2 Bd5 30. Nc3 Ne3+ 31. Nxd5 Nxf1 32. Nc7 Nxd2 33. Nxa8 Nc4 34.
Rc2 Na3 35. Rc3 Nxb5 36. axb5 Rxa8 37. bxc6 bxc6 38. Ra3 a5 39. Kg2 Kf7 40. Kf3
Ke6 41. Ke4 a4 42. Rg3 Kf6 43. Rf3+ Kg5 44. Rg3+ Kh4 45. Ra3 Ra5 46. Kd4 g5 47.
Kc4 g4 48. hxg4 Kxg4 49. Kb4 Ra6 50. Ra1 a3 51. Kb3 a2 52. Kb2 Kf3 53. Kb3 Kf2
54. Kc3 g5 55. Kd4 g4 0-1

[Event "TCh-TUR 2nd League 2011"]
[Site "Konya TUR"]
[Date "2011.07.08"]
[Round "7"]
[White "Safarli, Eltaj"]
[Black "Kobalia, Mikhail"]
[Result "1/2-1/2"]
[WhiteTitle "GM"]
[BlackTitle "GM"]
[WhiteElo "2622"]
[BlackElo "2679"]
[WhiteTeam "Antalya Calli Antalya"]
[BlackTeam "Ceyhan Belediye Adana"]
[WhiteFideId "13402129"]
[BlackFideId "4119150"]
[EventDate "2011.07.04"]

1. e4 e5 2. Nf3 Nc6 3. Bb5 Nf6 4. O-O Nxe4 5. Re1 Nd6 6. Nxe5 Be7 7. Bf1 Nf5 8.
Nf3 O-O 9. d4 d5 10. c3 Nh4 11. Nxh4 Bxh4 12. Qh5 Bf6 13. Bd3 g6 14. Qf3 Bg7 15.
Qg3 Be6 16. Bf4 Rc8 17. Nd2 Ne7 18. Be5 Nf5 19. Bxf5 Bxf5 20. Bxg7 Kxg7 21. Re5
Qd7 22. Rae1 Rce8 23. h4 Rxe5 24. Qxe5+ f6 25. Qf4 h6 26. Nf1 Be6 27. Ng3 1/2-1/2

[Event "TCh-TUR 2nd League 2011"]
[Site "Konya TUR"]
[Date "2011.07.08"]
[Round "7"]
[White "Goksel, Doga Cihan"]
[Black "Rasulov, Vugar Ural oglu"]
[Result "0-1"]
[BlackTitle "GM"]
[WhiteElo "2281"]
[BlackElo "2522"]
[WhiteTeam "Ceyhan Belediye Adana"]
[BlackTeam "Antalya Calli Antalya"]
[WhiteFideId "6301924"]
[BlackFideId "13402390"]
[EventDate "2011.07.04"]

1. Nf3 Nf6 2. c4 g6 3. g3 Bg7 4. Bg2 d5 5. cxd5 Nxd5 6. d4 Nb6 7. O-O Nc6 8. e3
O-O 9. Nc3 Re8 10. d5 Na5 11. Nd4 Bd7 12. b3 c6 13. e4 cxd5 14. exd5 Qc8 15. Qd3
e6 16. Be3 Nxd5 17. Nxd5 exd5 18. Bxd5 Bh3 19. Bg2 Bxg2 20. Kxg2 Nc6 21. Rad1
Ne5 22. Qb5 a6 23. Qd5 Rd8 24. Qe4 f5 25. Qf4 b5 26. Nf3 Qb7 27. h4 h6 28. Bc5
Qc6 29. Be7 Re8 30. Bd6 g5 31. hxg5 hxg5 32. Qxf5 g4 33. Bxe5 Qxf3+ 34. Qxf3
gxf3+ 35. Kxf3 Rxe5 36. Rfe1 Rc5 37. Re2 Rac8 38. Rd6 a5 39. Ra6 b4 40. Re7 Rf8+
41. Kg2 Rc2 42. Rxa5 Rfxf2+ 43. Kh3 Rxa2 44. Rg5 Rf7 45. Re4 Rb7 46. Rgg4 Ra3
47. Rxb4 Rxb3 48. Rxb7 Rxb7 49. Re4 Kf7 50. Kg4 Rb3 51. Rf4+ Ke6 52. Rf3 Rb1 53.
Rd3 Be5 54. Re3 Rb4+ 55. Kf3 Kf5 56. Rd3 Rg4 57. Kf2 Rg8 58. Rf3+ Kg4 59. Rb3
Kh3 60. Rb5 Bxg3+ 61. Kf3 Rf8+ 62. Ke4 Kg4 63. Rb7 Re8+ 64. Kd4 Bf4 65. Rf7 Kf3
66. Kd3 Rd8+ 67. Kc4 Ke4 68. Rh7 Rc8+ 69. Kb5 Kd5 70. Kb4 Be5 71. Rd7+ Ke4 72.
Re7 Rc1 73. Re8 Rc7 74. Kb5 Kd5 75. Rd8+ Bd6 76. Ka4 Rb7 77. Rh8 Bc5 78. Rh5+
Kc4 79. Rh4+ Bd4 80. Rh5 Rg7 81. Rf5 Be3 82. Ka3 Rg2 0-1

[Event "TCh-TUR 2nd League 2011"]
[Site "Konya TUR"]
[Date "2011.07.08"]
[Round "7"]
[White "Firat, Burak"]
[Black "Ozkan, Ervin"]
[Result "1-0"]
[WhiteTitle "IM"]
[WhiteElo "2373"]
[BlackElo "2219"]
[WhiteTeam "Antalya Calli Antalya"]
[BlackTeam "Ceyhan Belediye Adana"]
[WhiteFideId "6305881"]
[BlackFideId "6306004"]
[EventDate "2011.07.04"]

1. e4 c6 2. d4 d5 3. Nc3 dxe4 4. Nxe4 Bf5 5. Nc5 b6 6. Nb3 e6 7. Nf3 Bd6 8. g3
Nd7 9. Bg2 Rc8 10. Nh4 Bg6 11. Nxg6 hxg6 12. O-O Ngf6 13. Qe2 O-O 14. c4 Re8 15.
Rd1 Qc7 16. Be3 c5 17. dxc5 Nxc5 18. Nd4 a6 19. b4 Na4 20. Qc2 b5 21. Nc6 Ng4
22. Bg5 Ne5 23. Rxd6 Qxd6 24. Rd1 Qxc6 25. Bxc6 Rxc6 26. c5 Nf3+ 27. Kg2 Nxg5
28. Rd6 Rec8 29. Rxc6 Rxc6 30. h4 Nh7 31. Qe4 Rc7 32. Qa8+ Nf8 33. Qb8 Re7 34.
c6 Nc3 35. c7 Rxc7 36. Qxc7 Nxa2 37. Qc5 e5 38. Qd6 Nc3 39. Qxa6 Nd5 1-0